ห้องสมุด วิทยาลัยพยาบาลบรมราชชนนี อุดรธานี
Boromarajonani College of Nursing, Udonthani
เปลี่ยนเป็นภาษาไทย

Change to English
 แสดงรายละเอียดบรรณานุกรม
  กลับหน้าหลัก

Brief Record : Get Marc (ISO 2709) : E-mail record : QR code ปิดหน้าต่าง
หนังสืออ้างอิง : เกี่ยวกับ Collections
mysqli: Table './ulib2015/stat_globaluid' is marked as crashed and last (automatic?) repair failed
select id from stat_globaluid where statuid='20260417223207_4315' 
mysqli: Table './ulib2015/stat_globaluid' is marked as crashed and last (automatic?) repair failed
DELETE FROM stat_globaluid
			WHERE id NOT IN (
			  SELECT id
			  FROM (
				SELECT id
				FROM stat_globaluid
				ORDER BY id DESC
				LIMIT 100
			  ) foo
			); 
mysqli: Table './ulib2015/stat_globaluid' is marked as crashed and last (automatic?) repair failed
insert into stat_globaluid set
		statuid='20260417223207_4315',
		dt='1776439927',
		phpself='/ULIB/dublinfull.php',
		agent='Mozilla/5.0 AppleWebKit/537.36 (KHTML, like Gecko; compatible; ClaudeBot/1.0; +claudebot@anthropic.com)',
		yea='2026',
		mon='4',
		dat='17',
		ip='216.73.216.55'
		
		
LEADER 00000nam 2200000uu 4500
001    13399122031
003     ULIBM
008    180809s2559 th a 000 0 tha d
020    9786162235825
060    ^aQP551^bศ463^c2559
100    ^aศิริพร ปรุงวิทยา
245    ^aโปรตีนและโปรตีโอมิกส์ เพื่อปฏิบัติการวิทยาศาสตร์การแพทย์^cศิริพร ปรุงวิทยา
250    ^aพิมพ์ครั้งที่ 1
260    ^aขอนแก่น :^bโรงพิมพ์มหาวิทยาลัยขอนแก่น,^c2559
300    ^a99 หน้า^bภาพประกอบ
650    ^aโปรตีน
650    ^aโปรตีโอมิกส์
945    ^p90^l0^i47232
945    ^p90^l0^i47233
999    ^aพรปวีณ์
รายการนี้ยังไม่มีแท็ก
คุณยังไม่ได้ล็อกอิน คุณสามารถมีกิจกรรมร่วมกับเว็บไซต์ได้ แต่ต้องล็อกอินก่อน ::
  ล็อกอิน
ลำดับที่ ประเภท เลขเรียก/บาร์โค้ด สถานที่ สถานะ
1. วิทยาศาสตร์สุขภาพ
วิทยาศาสตร์สุขภาพ
QP551 ศ463 2559 c.1 
  Barcode: 47232
หนังสือวิทยาศาสตร์สุขภาพ On Shelf
  ขอยืม
2. วิทยาศาสตร์สุขภาพ
วิทยาศาสตร์สุขภาพ
QP551 ศ463 2559 c.2 
  Barcode: 47233
หนังสือวิทยาศาสตร์สุขภาพ On Shelf
  ขอยืม
   [แสดง 2/2 รายการ]

mysqli: Can't create/write to file '/var/tmp/#sql_59d_0.MAI' (Errcode: 2)
select * from index_db where titl like '%โปรตีนและโปรตีโอมิกส์ เพื่อปฏิบัติการวิทยาศาสตร์การแพทย์ ศิริพร  ปรุงวิทยา%' and mid<>'13399122031'  order by rand() limit 3
mysqli: Can't create/write to file '/var/tmp/#sql_59d_0.MAI' (Errcode: 2)
select * from index_db where auth like '%ศิริพร  ปรุงวิทยา%' and mid<>'13399122031'  order by rand() limit 3
mysqli: Can't create/write to file '/var/tmp/#sql_59d_0.MAI' (Errcode: 2)
select * from index_db where subj like '%โปรตีน%' and mid<>'13399122031'  order by rand() limit 3
mysqli: Can't create/write to file '/var/tmp/#sql_59d_0.MAI' (Errcode: 2)
select * from index_db where subj like '%โปรตีโอมิกส์%' and mid<>'13399122031'  order by rand() limit 3

BibComment


ยังไม่เคยถูกคอมเมนท์

คอมเมนท์ทรัพยากรรายการนี้
  คอมเมนท์: โปรตีนและโปรตีโอ..
Bib 13399122031

 
 
 

 Union Library Management : ULibM
Copyright 2026. All Rights Reserved.